| 000 | 00869nam a2200217 a 4500 | ||
|---|---|---|---|
| 008 | 070814s2006 ||||||||||||||||| || u | ||
| 020 | _a9766372624 | ||
| 050 | _aHC 435.5 Coa | ||
| 100 | _aBrown, David | ||
| 245 | 1 | 0 |
_aCoastal resource management in the wider Caribbean:resilienc, adaptation and community diversity _cedited by Yvan Breton; David Brown; Brian Davy; Milton Houghton; Louis Ovares |
| 260 |
_aKingston _bIan Randle _c2006 |
||
| 300 | _axvi, 265p.; ill. | ||
| 350 | _a0.00 | ||
| 650 | _aENVIRONMENT | ||
| 650 | _aNATURAL RESOURCES--CARIBBEAN--MANAGEMENT | ||
| 700 | _aHoughton, Houghton | ||
| 700 | _aDavy, Brian | ||
| 700 | _aOvares, Louis | ||
| 700 | _aBreton, Yvan, ed | ||
| 995 |
_D0.00 _FCBU-MAIN LIBRARY (Kitwe) _H1 _I0.00 _M1 _UAVAILABLE _WAug 14, 2007 _ZMain Library Open Access Collection |
||
| 999 |
_c37633 _d37633 |
||